01437nab a2200361 a 450000100060000000300080000600500170001400600190003100700150005000800410006502200140010603500210012004000260014105000200016708000080018708200120019510000260020722200360023324501690026926000870043830000140052531000150053936200190055453301640057365000530073765000520079065000560084265000480089865500320094671000190097885600610099799900170105896818FlNmELB20241217172622.0m o d | cr cn|||||||||201201r2005 mx |||||s|||||||||||spa d a0186-1042 a(OCoLC)955366234 aFlNmELBbspacFlNmELB 4aHB71bD277 2005 a33004a3302221 aDíaz Mata, Alfredo. 0aContaduría y Administración14aUna propuesta para un sistema de análisis técnico para compra y venta de acciones en la Bolsa Mexicana de Valoresh[recurso electronico] /cAlfredo Díaz Mata. aDistrito Federal (México) :bUniversidad Nacional Autónoma de México,c2005. a25-48 pp. aTrimestral0 aNo. 215(2005)- aRecurso electrónico. Santa Fe, Arg.: e-libro, 2015. Disponible vía World Wide Web. El acceso puede estar limitado para las bibliotecas afiliadas a e-libro. 4aNegocios y economía.xAdquisiciones y compras. 4aBusiness and Economics.xPurchasing and buying. 4aNegocios y economía.xVentas y acción de venta. 4aBusiness and Economics.xSales and selling. 4aArtículos electrónicos.2 ae-libro, Corp.40uhttps://elibro.net/ereader/politecnicointernacional/7774 c96818d96818